Vida, ascendencia, nacimiento, crianza y aventuras / (Record no. 146124)

MARC details
000 -LEADER
campo de control de longitud fija 00682nam a2200205 i 4500
001 - NÚMERO DE CONTROL
campo de control 146124
003 - IDENTIFICADOR DE NÚMERO DE CONTROL
campo de control ES-MaACL
005 - FECHA Y HORA DE LA ÚLTIMA TRANSACCIÓN
campo de control 20250730063132.0
007 - CAMPO FIJO DE DESCRIPCIÓN FÍSICA--INFORMACIÓN GENERAL
campo de control de longitud fija t|
008 - DATOS DE LONGITUD FIJA--INFORMACIÓN GENERAL
campo de control de longitud fija 070903s1972 sp ||||1| spa d
080 ## - NÚMERO DE LA CLASIFICACIÓN DECIMAL UNIVERSAL
Número de la Clasificación Decimal Universal 92 Torres Villarroel, Diego de
080 ## - NÚMERO DE LA CLASIFICACIÓN DECIMAL UNIVERSAL
Número de la Clasificación Decimal Universal 860-94"17"
100 1# - ENTRADA PRINCIPAL--NOMBRE DE PERSONA
Nombre de persona Torres Villarroel, Diego de,
Fechas asociadas al nombre 1693-1770
9 (RLIN) 111026
245 10 - MENCIÓN DEL TÍTULO
Título Vida, ascendencia, nacimiento, crianza y aventuras /
Mención de responsabilidad, etc. Diego de Torres Villarroel ; introducción y notas de Guy Mercadier.
260 ## - PUBLICACIÓN, DISTRIBUCIÓN, ETC.
Lugar de publicación, distribución, etc. Madrid :
Nombre del editor, distribuidor, etc. Castalia,
Fecha de publicación, distribución, etc. [1972]
300 ## - DESCRIPCIÓN FÍSICA
Extensión 301 p. :
Otras características físicas il. ;
Dimensiones 18 cm.
700 1# - ENTRADA AGREGADA--NOMBRE PERSONAL
Nombre de persona Mercadier, Guy.
9 (RLIN) 80431
852 ## - LOCALIZACIÓN
Ubicación ES-MaACL
Número de control de estantería E-8052
Sublocalización o colección R.92644
Holdings
Estatus retirado Estado de pérdida Estado de daño No para préstamo Biblioteca de origen Biblioteca actual Ubicación en estantería Fecha de adquisición Fuente de adquisición Total de préstamos Signatura topográfica completa Código de barras Visto por última vez Precio de reemplazo Tipo de ítem Koha
        Biblioteca del Ateneo de Madrid Biblioteca del Ateneo de Madrid Depósito 2 17/01/2008     E-8052 1152518 23/02/2023 23/02/2023 Libro impreso